000 00607nam a22001697a 4500
005 20120203130846.0
008 120203t xxu||||| |||| 00| 0 eng d
020 _a8120315359
_c225.00
035 _aA-999266
040 _aDPL
_bENG
100 _aCoffee, Peter
_940707
245 _aPeter coffee teaches PCs /
_cby Peter Coffee
260 _aNew Delhi
_bPrentice-Hall of India
_c1998
300 _axxi, 647p.
_c22 cms.
942 _2ddc
_cEN
_h004.1
_mCOF
999 _c61906
_d61906